00788nas a2200229Ia 4500001001100000003000900011008004100020040001300061040001300074041001300087100004800100210002300148222002300171245009200194250001100286260002100297501008600318300001500404362003500419500006800454650003600522R026/43471IT-RoPAU151124c99999999xx |||||||||||| ||und|| aIT-RoPAU cIT-RoPAU aITALIANO aPignatiello LuigigCodice Aut. SPICS: 2572 aNOSTRO CINEMA (IL) aNostro Cinema (Il) aNOSTRO CINEMA (IL), ANNO 10-N.116 (OTTOBRE 1972)bTelevisione Come Circuito Alternativo a1a ed. aROMAbACECc1972 bPaulus - SPICS - Società San Paolo EM (non-commercial uses only)cCopyright2015 a2 p. [1-4] aANNO 010, N.116 (OTTOBRE 1972) aTelevisione Come Circuito Alternativo a Quello Cinematografico. aCINEMAvPUBBLICAZIONE PERIODICA